| 000 | 00628nam a22001577a 4500 | ||
|---|---|---|---|
| 003 | NUST | ||
| 082 | _a670 | ||
| 100 |
_aGulzar, Mubashir _9119881 |
||
| 245 |
_aModeling Simulation & Analysis Of Surface Roughness Effects on Piston Skirt Elastohydynamic Lubrication (EHL) Initial Engine Startups / _cMubashir Gulzar |
||
| 264 |
_aIslamabad : _bSMME- NUST; _c2009. |
||
| 300 |
_a128p. ; _bSoft Copy _c 30cm. |
||
| 650 |
_aMS Design and Manufacturing Engineering _9119567 |
||
| 700 |
_aSupervisor : Prof. Dr. Riaz Ahmed Mufti _9119679 |
||
| 856 | _uhttp://10.250.8.41:8080/xmlui/handle/123456789/38735 | ||
| 942 |
_2ddc _cTHE |
||
| 999 |
_c607410 _d607410 |
||